Statistics for Главни градови Јужне Америке

Click here to take the quiz!

General Stats

  • This quiz has been taken 783 times
  • The average score is 8 of 12

Answer Stats

ДржаваГлавни град% Correct
БразилБразилија
97%
АргентинаБуенос Ајрес
90%
УругвајМонтевидео
86%
ПеруЛима
75%
КолумбијаБогота
71%
ВенецуелаКаракас
67%
ЧилеСантијаго
66%
БоливијаЛа Паз / Сукре
60%
ЕквадорКито
59%
ПарагвајАсунсион
49%
СуринамПарамарибо
40%
ГвајанаЏорџтаун
34%

Score Distribution

Percentile by Number Answered

Percent of People with Each Score

Your Score History

You have not taken this quiz